[Event "Regionalliga SW9899"]
[Site "Bayern"]
[Date "1998.??.??"]
[Round "?"]
[White "Fischer, Manfred"]
[Black "Wittal, Werner"]
[Result "1/2-1/2"]
[WhiteElo "2065"]
[BlackElo "1975"]

1.e4 d6 2.d4 Nf6 3.Nc3 c6 4.Nf3 Bg4 5.Be3 Nbd7 6.Qd2 Qa5 7.b4 Qxb4 8.Rb1 Qa5
9.Rxb7 Nb6 10.d5 Bc8 11.Bxb6 axb6 12.dxc6 Bxb7 13.cxb7 Rb8 14.Bb5+ Nd7 15.Ne5 Rxb7
16.Nxd7 Rxd7 17.O-O g6 18.Qd5 Bg7 19.Na4 Kd8 20.Bxd7 Qxd5 21.exd5 Kxd7 22.Nxb6+ Kc7
23.Nc4 Ra8 24.Re1 Kd8 25.a3 Ra4 26.Ne3 Rxa3 27.Kf1 Bh6 28.Ke2 Rc3 29.Rc1 f5
30.Kd2 Ra3 31.Rb1 Ke8 32.Rb7 Kf7 33.Rb3 Ra4 34.h3 Bg5 35.Kd3 Ra1 36.Ke2 Ra2
37.Kd3 Ra1 38.Ke2 Ra5 39.Rd3 Rc5 40.Kd1 Bxe3 41.fxe3 Kf6 42.Rd4 Ke5 43.c4 Ra5
44.Ke2 Ra2+ 45.Kf3 Rc2 46.g4 fxg4+ 47.hxg4 Kf6 48.Rf4+ Kg7 49.g5 Kg8 50.Re4 Kf7
51.Rh4 Kg7 52.Re4 Kf7 53.Rh4 Kg7  1/2-1/2

[Event "Regionalliga NO9899"]
[Site "Bayern"]
[Date "1998.??.??"]
[Round "?"]
[White "Schwarm, Werner"]
[Black "Franz, Gerhard"]
[Result "1/2-1/2"]
[WhiteElo "1925"]
[BlackElo "2010"]

1.e4 d6 2.d4 Nf6 3.Nc3 c6 4.h3 g6 5.Bd3 Bg7 6.Nf3 b5 7.a3 O-O 8.Be3 Nbd7
9.Qd2 a6 10.Rd1 Qc7 11.Bh6 c5 12.Bxg7 Kxg7 13.dxc5 Nxc5 14.O-O  1/2-1/2

[Event "Regionalliga NO9798"]
[Site "Bayern"]
[Date "1998.??.??"]
[Round "?"]
[White "Dietrich, Reinhard"]
[Black "Schatz, Werner"]
[Result "1/2-1/2"]
[WhiteElo "2045"]
[BlackElo "2065"]

1.e4 d6 2.d4 Nf6 3.Nc3 c6 4.h3 e5 5.Be3 Be7 6.Nge2 Qa5 7.Ng3 g6 8.Qd2 h5
9.Bd3 b5 10.O-O b4 11.Nd1 Nbd7 12.f4 h4 13.Ne2 Ba6 14.c4 c5 15.dxe5 dxe5
16.Nf2 Qc7 17.b3 Bb7 18.fxe5 Nh5 19.e6 fxe6 20.Ng4 O-O-O 21.Qb2  1/2-1/2

[Event "Regionalliga NO9798"]
[Site "Bayern"]
[Date "1998.??.??"]
[Round "?"]
[White "Hilge, Andreas"]
[Black "Stierhof, Michael"]
[Result "1-0"]
[WhiteElo "2200"]
[BlackElo "2120"]

1.e4 d6 2.d4 Nf6 3.Nc3 c6 4.Be2 Nbd7 5.b3 e5 6.Bb2 Be7 7.Nf3 O-O 8.O-O b5
9.Qd3 a5 10.dxe5 dxe5 11.Rad1 Qc7 12.Rfe1 Bb4 13.a3 Nc5 14.Qd6 Qxd6 15.Rxd6 Bxc3
16.Bxc3 Ncxe4 17.Rxc6 Bd7 18.Rc7 Nd5 19.Rxd7 Nexc3 20.Bxb5 Nxb5 21.Rxd5 Nxa3
22.Rexe5 Nxc2 23.Rxa5 Rab8 24.Rab5 g6 25.h4 h5 26.Kh2 Rfd8 27.Kg3 Rxb5 28.Rxb5 Nd4
29.Nxd4 Rxd4 30.Re5 Kg7 31.f3 Rb4 32.Re3 Kf6 33.Kh3 Kf5 34.g3 f6 35.Rc3 Ke5
36.Kg2 Kd4 37.Rc6 Ke5 38.f4+ Kf5 39.Rc3 Kg4 40.Kf2 Kh3 41.Ke2 Kg4 42.Kd2 Rb6
43.Kc2 g5 44.fxg5 fxg5 45.hxg5 Kxg5 46.Re3 Kg4 47.Kc3 Rc6+ 48.Kd4 Rc1 49.b4 Rb1
50.Kc5 Rc1+ 51.Kd4 Rb1 52.Kc3 Kh3 53.Re5 Kg4 54.b5 Rc1+ 55.Kb4 Rb1+ 56.Kc5 Rb3
57.b6 Rxg3 58.b7 Rb3 59.Re4+  1-0

[Event "Landesliga Nord9798"]
[Site "Bayern"]
[Date "1998.??.??"]
[Round "?"]
[White "Liepold, Stefan"]
[Black "Polzer, Hans"]
[Result "1/2-1/2"]
[WhiteElo "2180"]
[BlackElo "2095"]

1.e4 d6 2.d4 Nf6 3.Nc3 c6 4.f4 Qa5 5.e5 Ne4 6.Qf3 Nxc3 7.Bd2 Bf5 8.Bxc3 Qd5
9.Qxd5 cxd5 10.O-O-O Nc6 11.Ne2 e6 12.Ng3 Bg6 13.h4 h6 14.Bd3 Bxd3 15.Rxd3 dxe5
16.fxe5 Be7 17.Ne2 h5 18.Rg3 g6 19.Bd2 Rc8 20.Bg5 Bxg5+ 21.hxg5 Ke7 22.Rf3 h4
23.Rf4 Nb4 24.Nc3 Rh5 25.a3 Nc6 26.Rg4 Rch8 27.Rh3 a6 28.Ne2 b5 29.Ng1 Ke8  1/2-1/2

[Event "Landesliga Sued 9899"]
[Site "Bayern"]
[Date "1998.??.??"]
[Round "?"]
[White "Wuerdinger, Alexander"]
[Black "Zach, Andreas"]
[Result "0-1"]
[WhiteElo "2055"]
[BlackElo "2260"]

1.e4 d6 2.d4 Nf6 3.Nc3 c6 4.f4 g6 5.Nf3 d5 6.e5 Nh5 7.Bd3 Ng7 8.Be3 Bf5 9.Bf2 Na6
10.Bxa6 bxa6 11.O-O Ne6 12.Nh4 Rg8 13.Nxf5 gxf5 14.Ne2 Qb6 15.Qd3 Qb5 16.b3 Qxd3
17.cxd3 Nd8 18.Bh4 Kd7 19.Nc3 Nb7 20.Na4 e6 21.Rac1 Ba3 22.Rc2 Rac8 23.Bf2 Rc7
24.Rb1 a5 25.Kf1 h5 26.g3 Rcc8 27.Be1 c5 28.dxc5 Bxc5 29.Bxa5 Bd4 30.Bc3 h4
31.Rbc1 Be3 32.Re1 d4 33.Rce2 hxg3 34.Rxe3 dxe3 35.hxg3 Rxg3 36.Ke2 Rh8 37.Bd4 Rh2+
38.Kd1 Rd2+ 39.Kc1 Rxd3 40.Bxa7 Rf3 41.Nb6+ Kc6 42.Nc4 Nc5 43.Re2 Rxf4 44.Bxc5 Kxc5
45.Nxe3 Re4 46.Rc2+ Kd4 47.Nc4 Rc3 48.a4 Rxb3 49.a5 Rc3 50.a6 Re2 51.Nd2 Kd3  0-1

[Event "Landesliga Sued 9899"]
[Site "Bayern"]
[Date "1998.??.??"]
[Round "?"]
[White "Schmidt, Wolfgang"]
[Black "Safyanovsky, Mark"]
[Result "1-0"]
[WhiteElo "2340"]
[BlackElo "2395"]

1.e4 d6 2.d4 Nf6 3.Nc3 c6 4.f4 Qb6 5.Be2 e5 6.Nf3 Nbd7 7.O-O Be7 8.Kh1 O-O
9.fxe5 dxe5 10.Nxe5 Nxe5 11.dxe5 Ne8 12.Bc4 Nc7 13.Qe1 Be6 14.Be3 Qb4 15.Bb3 Bd8
16.Qf2 b6 17.Rad1 Qe7 18.Rd6 Bxb3 19.axb3 Qxe5 20.Rxc6 Ne6 21.Qg1 Qb8 22.Rf5 Qb7
23.Rc4 Be7 24.Nd5 Bc5 25.b4 Bxe3 26.Qxe3 Rac8 27.Rxc8 Rxc8 28.c3 h6 29.Qg3 Kh8
30.Qe5 Qd7 31.Rh5 f6 32.Qf5 Nf8 33.Qf4 Re8 34.h3 Qf7 35.Rf5 Qe6 36.Nc7 Qxe4
37.Nxe8 Qxe8  1-0

[Event "Landesliga Nord 9899"]
[Site "Bayern"]
[Date "1998.??.??"]
[Round "?"]
[White "Hashemi, Abbas"]
[Black "Polzer, Hans"]
[Result "0-1"]
[WhiteElo "2105"]
[BlackElo "2105"]

1.e4 d6 2.d4 Nf6 3.Nc3 c6 4.f4 Qa5 5.Bd3 e5 6.Nf3 Bg4 7.dxe5 dxe5 8.fxe5 Nfd7
9.O-O Nxe5 10.Be2 Nxf3+ 11.Bxf3 Be6 12.Be3 Bc5 13.Qe2 Qb6 14.Bxc5 Qxc5+ 15.Qf2 Qxf2+
16.Rxf2 Nd7 17.Ne2 O-O-O 18.Nd4 Rhe8 19.Nf5 Bxf5 20.exf5 Ne5 21.Raf1 Nc4
22.c3 Nd2 23.Rc1 Nxf3+ 24.gxf3 Rd5 25.Rg2 Rxf5 26.Kf2 g6 27.Rc2 Rd8 28.Ke3 Kd7
29.Rg4 Ke6 30.Rh4 h5 31.Ra4 a6 32.Rb4 Rd7 33.a3 Rfd5 34.Re2 Re5+ 35.Re4 Rxe4+
36.Kxe4 Kf6 37.Rc2 Re7+ 38.Kf4 g5+ 39.Kg3 Kf5 40.Rd2 h4+ 41.Kf2 f6 42.Rd3 a5
43.a4 b5 44.axb5 cxb5 45.Rd6 Re5 46.Rd8 Rc5 47.Rd2 a4 48.Rd4 Ke5 49.Rb4 Kd6
50.Ke2 Kc6 51.Kd3 Rd5+ 52.Ke2 Re5+ 53.Kf2 Kc5 54.Kf1 Rd5 55.Ke2 f5 56.h3 Re5+
57.Kf2 f4 58.Re4 Rxe4 59.fxe4 Kd6 60.Ke2 Kc6 61.Kf2 Kc5 62.Ke2 Kc4 63.Kf2 b4
64.cxb4 Kxb4 65.Kf3 Kc4 66.Kg4 Kd4 67.Kf5 f3 68.e5 f2 69.e6 f1=Q+  0-1

[Event "Landesliga Sued 9899"]
[Site "Bayern"]
[Date "1998.??.??"]
[Round "?"]
[White "Cerpnjak, Mirko"]
[Black "Schoenbauer, Max"]
[Result "1-0"]
[WhiteElo "1965"]
[BlackElo "2035"]

1.e4 d6 2.d4 Nf6 3.Nc3 c6 4.Be2 Qa5 5.Bd2 Qb6 6.Nf3 Qxb2 7.Rb1 Qa3 8.O-O Qa5
9.Re1 Qc7 10.e5 Nd5 11.Ne4 dxe5 12.Nxe5 Bf5 13.Bd3 e6 14.c4 Bxe4 15.Bxe4 Nf6
16.Bf3 Bd6 17.Qb3 b6 18.h4 Bxe5 19.Rxe5 Nbd7 20.Re2 O-O 21.Rbe1 Rac8 22.g3 Qd6
23.Qc3 c5 24.d5 exd5 25.Bf4 Qc6 26.cxd5 Qa4 27.d6 Qb4 28.Qc2 c4 29.Rb1 Qc5
30.a4 Rfe8 31.Rb5 Qd4 32.Re7 Kf8 33.Rxe8+ Rxe8 34.Rb1 h6 35.Rd1 Qc5 36.Be2 Rc8
37.Bf3 c3 38.Qd3 c2 39.Rc1 Qc3 40.Qe2 Kg8 41.Bb7 Re8 42.Qxc2 Re1+ 43.Kg2 Rxc1
44.Qxc1 Qxc1 45.Bxc1 Kf8 46.Bc6 Nb8 47.Bb5 Nfd7 48.Ba3 Ke8 49.Bb2 f6 50.Kf3 a6
51.Be2 Nc5 52.Bd4 Nxa4 53.Ke4 b5 54.Kd5 Nd7 55.Bh5+ Kd8 56.Bd1 Nab6+ 57.Kc6 Nc4
58.f4 Na5+ 59.Kd5 Nb7 60.g4 Ke8 61.g5 hxg5 62.hxg5 fxg5 63.fxg5 g6 64.Ke6 Nd8+
65.Kd5 Nf7 66.Bf6 Nxf6+ 67.gxf6 Nd8 68.Bg4 Kf7 69.Ke5 b4 70.Bf3 a5 71.Bd5+ Kf8
72.Kf4 a4 73.Ke3 b3 74.Kd3 g5 75.Kc3 g4 76.Kb4 g3 77.Ka3 Ke8 78.Kb2 Kd7  1-0

[Event "Landesliga Nord 9899"]
[Site "Bayern"]
[Date "1998.??.??"]
[Round "?"]
[White "Bunk, Karsten"]
[Black "Suran, Jan"]
[Result "1/2-1/2"]
[WhiteElo "2105"]
[BlackElo "2365"]

1.d4 d6 2.e4 Nf6 3.Nc3 Nbd7 4.Be3 e5 5.Be2 Be7 6.h3 c6 7.Qd2 b5 8.a3 Bb7
9.Bd3 exd4 10.Bxd4 O-O 11.Nge2 a5 12.O-O b4 13.axb4 axb4 14.Rxa8 Qxa8 15.Nd1 c5
16.Bxf6 Nxf6 17.f3 Re8 18.Ne3 d5 19.Bb5 Rd8 20.e5 Ne8 21.Nf5 Bf8 22.Qg5 g6
23.Nf4 Nc7 24.Nh5 Ne6 25.Nf6+ Kh8 26.Qh4 h5 27.Bd3 c4 28.Ng3 cxd3 29.Ngxh5 Bh6
30.Nf4 Kg7 31.Nxe6+ fxe6 32.Ng4 Be3+ 33.Nxe3 Qa7 34.Qe7+ Kh6 35.Kf2 Rc8 36.c3 bxc3
37.g4 cxb2 38.h4 Rh8 39.Qg5+ Kg7 40.Qe7+ Kg8 41.Qxe6+ Kg7 42.Qf6+ Kg8 43.Qxg6+ Kf8
44.Qf6+ Kg8 45.e6 Bc6 46.Rb1 d2 47.Qxb2 Rxh4 48.Qe5 d1=N+ 49.Kg3 Rh3+ 50.Kxh3 Qh7+
51.Kg3 Qxb1 52.e7 Nxe3 53.e8=Q+ Bxe8 54.Qxe8+ Kg7 55.Qxe3 Qd1 56.Kf4  1/2-1/2

[Event "Regionalliga SW9798"]
[Site "Bayern"]
[Date "1998.??.??"]
[Round "?"]
[White "Habermann, Jochen"]
[Black "Rogobete, Nikolas Johann"]
[Result "0-1"]
[WhiteElo "2035"]
[BlackElo "2110"]

1.e4 d6 2.d4 Nf6 3.Nc3 c6 4.h3 g6 5.Nf3 Bg7 6.Bd3 O-O 7.O-O Qc7 8.Bf4 Nbd7
9.Qd2 Rd8 10.e5 dxe5 11.Nxe5 Nxe5 12.Bxe5 Qd7 13.Rfe1 b6 14.Rad1 Bb7 15.Qg5 Rac8
16.Bc4 Qf5 17.Qxf5 gxf5 18.Re3 Kf8 19.a4 e6 20.Red3 Ke7 21.Ne2 Rg8 22.Nf4 Bh6
23.f3 Nd5 24.Bxd5 cxd5 25.Ne2 Ba6 26.R3d2 Bxd2 27.Rxd2 Bxe2 28.Rxe2 Rc4 29.a5 bxa5
30.c3 a4 31.Kf2 Rgc8 32.Kg3 R8c6 33.Kh4 f6 34.Bb8 a6 35.Kh5 Rc8 36.Ba7 Kf7
37.Kh6 R4c6 38.f4 e5 39.fxe5 fxe5+ 40.Kg5 Rg8+ 41.Kxf5 Rf6+  0-1

[Event "Oberliga Bayern9899"]
[Site "Bayern"]
[Date "1998.??.??"]
[Round "?"]
[White "Geisler, Fabian"]
[Black "Deglmann, Ludwig"]
[Result "1/2-1/2"]
[WhiteElo "2265"]
[BlackElo "2265"]

1.e4 d6 2.d4 Nf6 3.Nc3 e5 4.Nf3 Nbd7 5.Bc4 Be7 6.O-O O-O 7.Re1 c6 8.a4 b6
9.Bg5 a6 10.Bxf6 Bxf6 11.d5 c5 12.Nd2 Bg5 13.Bd3 g6 14.Nc4 Nf6 15.Ra3 Rb8
16.Rb3 Qc7 17.Qe2 h5 18.Na3 Ra8 19.Nc4 Rb8 20.Na3 Ra8 21.Rf1 h4 22.Nc4 Rb8
23.Na3 Ra8 24.Nc4 Rb8 25.Na3  1/2-1/2

[Event "Bechhofen opJ "]
[Site "Bechhofen"]
[Date "1998.??.??"]
[Round "?"]
[White "Madl, Ildiko"]
[Black "Gietl, Thomas"]
[Result "1-0"]
[WhiteElo "2380"]
[BlackElo "2340"]

1.e4 d6 2.d4 Nf6 3.Nc3 e5 4.Nf3 Nbd7 5.Bc4 Be7 6.O-O O-O 7.a4 c6 8.Re1 b6
9.d5 cxd5 10.Bxd5 Rb8 11.b3 Nc5 12.b4 Ne6 13.Qd3 h6 14.Be3 Nc7 15.Bb3 Ng4
16.Bd2 Kh8 17.h3 Nf6 18.Be3 Nh7 19.Nd5 f5 20.Nxe7 Qxe7 21.Rad1 fxe4 22.Qxe4 Bb7
23.Qh4 Qf6 24.Qxf6 Rxf6 25.Nd2 d5 26.c3 Rff8 27.Nf3 Rbe8 28.Bc1 e4 29.Nd4 Nf6
30.Ne2 Nd7 31.Nf4 Ne5 32.Be3 d4 33.Rxd4 g5 34.Nd5 Nd3 35.Nxc7 Rc8 36.Rd7  1-0

[Event "JUG-ch53"]
[Site "Belgrade "]
[Date "1998.??.??"]
[Round "4"]
[White "Petronic, Jovan"]
[Black "Djuric, Stefan"]
[Result "0-1"]
[WhiteElo "2450"]
[BlackElo "2520"]

1.e4 d6 2.d4 Nf6 3.Nc3 c6 4.f4 Qa5 5.e5 Ne4 6.Qf3 d5 7.Bd3 c5 8.Ne2 Nxc3
9.Nxc3 e6 10.Bd2 cxd4 11.Nb5 Qb6 12.Qg3 g6 13.O-O a6 14.Nd6+ Bxd6 15.exd6 Qxd6
16.c3 dxc3 17.Bxc3 O-O 18.Bd4 Qd8 19.Rac1 Nc6 20.Rxc6 bxc6 21.h4 Qe7 22.Rc1 Bd7
23.h5 Be8 24.f5 exf5 25.Bxf5 Qb4 26.Qe5 f6 27.Be6+ Kg7 28.Qc7+ Bf7 29.h6+ Kg8
30.Bxf6 Rae8 31.Bh3 Qd2 32.Qxc6 Qe3+ 33.Kh1 Qxh6 34.Rf1 Be6 35.Rf3 Bxh3 36.gxh3 Qd2
37.Rf1 Qd3 38.Kg2 Re2+ 39.Rf2 Rxf2+ 40.Kxf2 Qf5+  0-1

[Event "Berliner Sommer 16th"]
[Site "Berlin"]
[Date "1998.??.??"]
[Round "2"]
[White "Schargorodskij, Maxim"]
[Black "Klinova, Masha"]
[Result "1/2-1/2"]
[WhiteElo "2175"]
[BlackElo "2395"]

1.e4 d6 2.d4 Nf6 3.Nc3 c6 4.Be3 Nbd7 5.Nf3 e5 6.Bd3 Be7 7.h3 b5 8.Qd2 a6
9.O-O O-O 10.Ne2 Bb7 11.Ng3 exd4 12.Nxd4 c5 13.Ndf5 c4 14.Be2 Nxe4 15.Nxe4 Bxe4
16.Nxd6 Bxd6 17.Qxd6 Nf6 18.Qxd8 Raxd8 19.b3 c3 20.a4 Bxc2 21.axb5 axb5 22.Bxb5 Bd3
23.Bxd3 Rxd3 24.Rfd1 Rxd1+ 25.Rxd1 c2 26.Rc1 Rc8 27.b4 Rc4 28.b5 Nd5 29.b6 Nxe3
30.fxe3 h5 31.b7 Rb4 32.Rxc2 Rxb7 33.Rc5  1/2-1/2

[Event "Berliner Sommer 16th"]
[Site "Berlin"]
[Date "1998.??.??"]
[Round "2"]
[White "Regan, Natasha"]
[Black "Vatter, Hans Joachim"]
[Result "0-1"]
[WhiteElo "2165"]
[BlackElo "2385"]

1.e4 d6 2.d4 Nf6 3.Nc3 Nbd7 4.Be3 e5 5.Nf3 Be7 6.dxe5 dxe5 7.Bc4 O-O 8.h3 c6
9.Qe2 Bb4 10.O-O Bxc3 11.bxc3 Nxe4 12.Qd3 Nef6 13.Ng5 Qe7 14.Rae1 h6 15.Ne4 Nxe4
16.Qxe4 Re8 17.Bxh6 Nb6 18.Qg6 Qf6 19.Qxf6 gxf6 20.Bd3 f5 21.Kh2 f6 22.g4 fxg4
23.hxg4 Kf7 24.Kg3 Be6 25.a3 Rh8 26.Bc1 Rag8 27.f3 Bc4 28.Rh1 Bxd3 29.cxd3 Rd8
30.Rxh8 Rxh8 31.d4 exd4 32.cxd4 Nc4 33.a4 a5 34.Bf4 Rd8 35.Rh1 Kg6 36.Rd1 Rd5
37.Bc7 b5 38.axb5 cxb5 39.f4 b4 40.f5+ Kg7 41.Kf4 b3 42.Ke4 b2 43.Kd3 Na3  0-1

[Event "Berliner Sommer 16th"]
[Site "Berlin"]
[Date "1998.??.??"]
[Round "3"]
[White "Vasquez, Rodrigo"]
[Black "Lorscheid, Gerhard"]
[Result "1-0"]
[WhiteElo "2445"]
[BlackElo "2300"]

1.e4 d6 2.d4 Nf6 3.Nc3 e5 4.Nf3 Nbd7 5.Bc4 Be7 6.O-O O-O 7.a4 c6 8.Ba2 b6
9.Qe2 Qc7 10.h3 a6 11.Rd1 Rb8 12.Nh4 exd4 13.Rxd4 Re8 14.Bf4 Ne5 15.Nf3 h6
16.Rad1 b5 17.axb5 axb5 18.b4 Ra8 19.Bb3 Bf8 20.Bg3 Be6 21.Qe3 Bxb3 22.cxb3 Qb7
23.R4d2 Ra3 24.Rb2 Ra6 25.Re2 Ra3 26.Rb1 Ned7 27.Nd4 d5 28.Nc2 Raa8 29.e5 Ne4
30.Nxe4 dxe4 31.Qxe4 Nb6 32.Qh4 Nd5 33.Rbe1 Ra2 34.Qd4 Qa7 35.Qg4 Nc3 36.Rd2 Nd5
37.Red1 Rb2 38.Nd4 Rxd2 39.Rxd2 Nxb4 40.Nf5 Kh8 41.Nxg7 Bxg7 42.Qxb4 Qa1+
43.Kh2 Bxe5 44.Qh4 Bxg3+ 45.fxg3 Qg7 46.Rd6 Re6 47.Rxe6 fxe6 48.Qd8+ Qg8
49.Qd7 e5 50.Qxc6 Qxb3 51.Qxh6+ Kg8 52.Qg5+ Kf7 53.Qxe5 b4 54.h4 Qc3 55.Qf5+ Ke7
56.h5 b3 57.h6 b2 58.h7 Qg7 59.Qc5+ Ke6 60.Qc8+ Kf7 61.h8=Q Qxh8+ 62.Qxh8 b1=Q
63.Qh5+ Kg7 64.g4 Qe1 65.Qg5+ Kf7 66.Qf5+ Kg7 67.Kh3 Qh1+ 68.Kg3 Qe1+ 69.Qf2 Qe5+
70.Kh3 Qa1 71.g5 Qd1 72.Qf6+ Kg8 73.g6 Qh1+ 74.Kg3 Qe1+ 75.Kh2  1-0

[Event "Berliner Sommer 16th"]
[Site "Berlin"]
[Date "1998.??.??"]
[Round "4"]
[White "Mikhaletz, Lubomir"]
[Black "Klinova, Masha"]
[Result "1-0"]
[WhiteElo "2495"]
[BlackElo "2395"]

1.e4 d6 2.d4 Nf6 3.Nc3 c6 4.Nf3 Bg4 5.h3 Bh5 6.Be2 e6 7.Bg5 Be7 8.O-O d5
9.e5 Nfd7 10.Bxe7 Qxe7 11.Ne1 Bxe2 12.Qxe2 Na6 13.a3 O-O 14.f4 c5 15.Nb5 cxd4
16.b4 Nb6 17.Nf3 Nb8 18.Nfxd4 Nc6 19.f5 exf5 20.Nxf5 Qg5 21.Nbd6 Nc4 22.Nxc4 dxc4
23.b5 Na5 24.e6 fxe6 25.Qxe6+ Kh8 26.Nd6 Qc5+ 27.Kh1 h6 28.Qe7 Rxf1+ 29.Rxf1 Qd4
30.Ne8  1-0

[Event "Berliner Sommer 16th"]
[Site "Berlin"]
[Date "1998.??.??"]
[Round "5"]
[White "Parker, Jonathan"]
[Black "Gross, Stefan"]
[Result "1-0"]
[WhiteElo "2510"]
[BlackElo "2330"]

1.d4 d6 2.e4 Nf6 3.Nc3 c6 4.f4 g6 5.Nf3 Bg4 6.h3 Bxf3 7.Qxf3 Bg7 8.Be3 Qa5
9.O-O-O d5 10.e5 Ne4 11.Nxe4 dxe4 12.Qg4 e6 13.Bc4 h5 14.Qe2 b5 15.Bb3 h4
16.Bf2 Nd7 17.Qxe4 Qc7 18.Rhf1 Nb6 19.Rd3 Bf8 20.Rc3 Rc8 21.d5 exd5 22.Bxb6 Qxb6
23.Qe2 Bb4 24.Rcf3 Kd7 25.f5 Kc7 26.fxg6 fxg6 27.Rf6 Be7 28.Rf7 Rce8 29.e6 Kb8
30.Rxe7 Rxe7 31.Qe5+ Kb7 32.Qxh8 Qe3+ 33.Kb1  1-0

[Event "Berliner Sommer 16th"]
[Site "Berlin"]
[Date "1998.??.??"]
[Round "5"]
[White "Blimke, Dalia"]
[Black "Maiwald, Jens Uwe"]
[Result "1/2-1/2"]
[WhiteElo "2265"]
[BlackElo "2425"]

1.e4 d6 2.d4 Nf6 3.Nc3 e5 4.dxe5 dxe5 5.Qxd8+ Kxd8 6.Bc4 Be6 7.Bxe6 fxe6
8.Nge2 Nc6 9.Bg5 Bc5 10.O-O-O+ Ke7 11.f3 h6 12.Bd2 a6 13.Kb1 Ba7 14.Nc1 Nd7
15.Nd3 Rhf8 16.Ne2 Rad8 17.Nec1 Nc5  1/2-1/2

[Event "Berliner Sommer 16th"]
[Site "Berlin"]
[Date "1998.??.??"]
[Round "6"]
[White "Darnstaedt, Frank"]
[Black "Klinova, Masha"]
[Result "1/2-1/2"]
[WhiteElo "2290"]
[BlackElo "2395"]

1.e4 d6 2.d4 Nf6 3.Nc3 c6 4.h3 Nbd7 5.Nf3 e5 6.a4 Be7 7.Bc4 O-O 8.O-O b6
9.Ba2 Bb7 10.Qe2 a6 11.Rd1 Qc7 12.Bg5 h6 13.Be3 b5 14.axb5 axb5 15.b4 d5
16.exd5 Bxb4 17.Qd3 e4 18.Nxe4 Nxe4 19.Qxe4 cxd5 20.Qg4 Nf6 21.Qh4 Bc3 22.Bxh6 gxh6
23.Qxf6 Ra6 24.Qf5 Bxa1 25.Rxa1 Rfa8 26.Re1 Rxa2 27.Ng5 f6 28.Qg6+ Qg7 29.Re8+ Rxe8
30.Qxe8+ Qf8 31.Qg6+ Qg7  1/2-1/2

[Event "Berliner Sommer 16th"]
[Site "Berlin"]
[Date "1998.??.??"]
[Round "7"]
[White "Muse, Mladen"]
[Black "Lorscheid, Gerhard"]
[Result "1-0"]
[WhiteElo "2440"]
[BlackElo "2300"]

1.e4 d6 2.d4 Nf6 3.Nc3 e5 4.Nf3 Nbd7 5.Bc4 Be7 6.O-O O-O 7.Re1 a6 8.a4 b6
9.Ne2 Bb7 10.Ng3 Nxe4 11.Nxe4 d5 12.Ng3 dxc4 13.dxe5 Re8 14.Nf5 Bb4 15.c3 Bf8
16.Qd4 Bxf3 17.gxf3 Nc5 18.Qg4 Qd7 19.Be3 g6 20.Bxc5 Qxf5 21.Qxf5 gxf5 22.Bxf8 Kxf8
23.Kg2 Rad8 24.Re2 Ke7 25.Kg3 Rg8+ 26.Kf4 Ke6 27.h4 Rd5 28.Rh1 Ra5 29.h5 Rxa4
30.h6 Ra5 31.Rh5 Rg6 32.Rxf5 Rxh6 33.Ke4 f6 34.f4 Rb5 35.Rd2 a5 36.f3 a4
37.Rg2 c6 38.Rg8 Rxb2 39.Re8+ Kd7 40.Rf8 Ke7 41.R8xf6 Rxf6 42.Rxf6 a3 43.Rh6 Rb5
44.Rxh7+ Kf8 45.Rh2 Ra5 46.Ra2 b5 47.f5 c5 48.f6 Kf7 49.Kf5 Ra6 50.Rd2 a2
51.Rd7+ Kf8 52.e6 Ra8 53.Rf7+ Kg8 54.Rg7+ Kh8 55.Rg1  1-0

[Event "Berliner Sommer 16th"]
[Site "Berlin"]
[Date "1998.??.??"]
[Round "8"]
[White "Timoshenko, Georgy"]
[Black "Klinova, Masha"]
[Result "1-0"]
[WhiteElo "2595"]
[BlackElo "2395"]

1.e4 d6 2.d4 Nf6 3.Nc3 c6 4.f4 Qa5 5.Bd3 e5 6.Nf3 Nbd7 7.O-O Be7 8.Kh1 Qc7
9.Qe1 b5 10.dxe5 dxe5 11.fxe5 Nxe5 12.Qg3 Nfg4 13.h3 Bd6 14.Bf4 h5 15.Bxb5 h4
16.Qe1 Nxf3 17.Rxf3 Bxf4 18.Nd5 Qb7 19.Rxf4 cxb5 20.hxg4 Be6 21.Rd1 Rc8 22.c3 h3
23.g3 g5 24.Rf5 Bxf5 25.gxf5 Kf8 26.Qe3 Re8 27.Nf6 Rh6 28.Nxe8 Kxe8 29.Kh2 Qe7
30.e5 Rc6 31.Qe4 Qc5 32.Kxh3  1-0

[Event "Biel op"]
[Site "Biel"]
[Date "1998.??.??"]
[Round "9"]
[White "Joksic, Sinisa"]
[Black "Rufener, Markus"]
[Result "1-0"]
[WhiteElo "2335"]
[BlackElo "2120"]

1.d4 d6 2.e4 Nf6 3.Nc3 c6 4.a4 Nbd7 5.g3 e5 6.Nge2 Be7 7.Bg2 O-O 8.O-O Qc7
9.h3 b6 10.Be3 a6 11.g4 Bb7 12.Ng3 g6 13.Bh6 Rfd8 14.g5 Ne8 15.d5 b5 16.dxc6 Bxc6
17.Nd5 Bxd5 18.exd5 Rdc8 19.c3 Qb7 20.Qe2 b4 21.c4 b3 22.f4 Qb6+ 23.Kh2 Qd4
24.Rac1 f5 25.gxf6 Nexf6 26.Rfd1 Qb6 27.f5 Bf8 28.Be3 Nc5 29.Rf1 Bg7 30.fxg6 hxg6
31.Rxf6 Bxf6 32.Ne4 Qd8 33.Qg4 Kg7 34.Rf1 Nxe4 35.Bxe4 Qe8 36.c5 dxc5 37.Rg1 Ra7
38.Bxg6 Qh8 39.Bh5+  1-0

[Event "Bodensee Cup 4th"]
[Site "Bodensee"]
[Date "1998.??.??"]
[Round "3"]
[White "Hecht, Hans Joachim"]
[Black "Mohrlok, Dieter"]
[Result "1/2-1/2"]
[WhiteElo "2425"]
[BlackElo "2310"]

1.d4 d6 2.e4 Nf6 3.Nc3 c6 4.Nf3 Bg4 5.Be2 e6 6.O-O Be7 7.Re1 O-O 8.h3 Bh5
9.e5 dxe5 10.Nxe5 Bxe2 11.Rxe2 Nbd7 12.Bg5 Re8 13.Rd2 Qa5 14.Nxd7  1/2-1/2

[Event "Bratto op"]
[Site "Bratto"]
[Date "1998.??.??"]
[Round "?"]
[White "De Barberis, Massimo"]
[Black "Malfagia, Andrea"]
[Result "0-1"]
[WhiteElo "2115"]
[BlackElo "2350"]

1.e4 d6 2.Nc3 Nf6 3.d4 c6 4.Be3 b5 5.Bd3 a6 6.h3 Nbd7 7.f4 e5 8.Nf3 Qc7 9.O-O Bb7
10.dxe5 dxe5 11.fxe5 Nxe5 12.Nxe5 Qxe5 13.Rf5 Qe6 14.Qf3 O-O-O 15.Bg5 Be7
16.e5 Nd7 17.Bxe7 Qxe7 18.Rxf7 Qc5+ 19.Kh1 Nxe5 20.Qf5+ Kb8 21.Ne4 Qd5 22.Rxg7 Nxd3  0-1

[Event "Bratto op"]
[Site "Bratto"]
[Date "1998.??.??"]
[Round "?"]
[White "Vancini, Edoardo"]
[Black "Giretti, Kanev J"]
[Result "0-1"]
[WhiteElo "2270"]
[BlackElo "2140"]

1.e4 d6 2.d4 c6 3.Nc3 Nf6 4.Be2 Qa5 5.Bd2 Qb6 6.Nf3 Bg4 7.e5 Nd5 8.Na4 Qd8
9.c4 Nc7 10.O-O d5 11.Qb3 b6 12.c5 Bxf3 13.gxf3 Ne6 14.cxb6 axb6 15.Be3 Nd7
16.Rac1 b5 17.Nc3 Nc7 18.a4 b4 19.Na2 c5 20.dxc5 Nxe5 21.Nxb4 e6 22.f4 Ng6
23.f5 Qh4 24.f4 Ne7 25.Na6 Nxa6 26.Bxa6 Nxf5 27.Bb7 Ra5 28.c6 Qg4+ 29.Kf2 Be7
30.Ke1 Bh4+ 31.Bf2 Nd4 32.Qe3 Nf3+ 33.Kd1 Nxh2+ 34.Qe2 Qh3 35.c7 Qb3+ 36.Qc2 Qf3+
37.Qe2 Qb3+ 38.Qc2 Qf3+ 39.Qe2 Qb3+ 40.Ke1 Qb4+ 41.Qd2 Nf3+ 42.Ke2 Qxd2+
43.Kxf3 O-O 44.Bxh4 Rxa4 45.Bg3 Qd3+ 46.Kg2 Rc4 47.c8=Q Rfxc8 48.Bxc8 Qd2+  0-1

[Event "Bratto op"]
[Site "Bratto"]
[Date "1998.??.??"]
[Round "?"]
[White "Ruggeri, Pietro"]
[Black "Belotti, Bruno"]
[Result "0-1"]
[WhiteElo "2145"]
[BlackElo "2420"]

1.e4 d6 2.d4 Nf6 3.Nc3 c6 4.Nf3 Bg4 5.Be2 e6 6.O-O d5 7.exd5 Bxf3 8.Bxf3 cxd5
9.Bf4 Nc6 10.Nb5 Rc8 11.c4 Be7 12.cxd5 Nxd5 13.Bxd5 exd5 14.Qg4 O-O 15.Bh6 Bf6
16.Rad1 Re8 17.Rfe1 Qa5 18.Nc3 Bxd4 19.Re3 f5 20.Qg3 Rxe3 21.fxe3 Bxc3 22.bxc3 Qxc3
23.Qd6 Qe5 24.Bf4 Qxd6 25.Bxd6 Kf7 26.Rxd5 Ke6 27.Rd2 Rd8 28.Bb4 Rxd2 29.Bxd2 Kd5
30.Kf2 Kc4 31.Ke2 a5 32.Be1 a4 33.Kd2 Nb4 34.a3 Nd5 35.Bg3 Kb3 36.Bd6 Nc3
37.Be5 Ne4+ 38.Kd3 g6 39.h4 b5 40.Bg7 Kxa3  0-1

[Event "Wch-09 blind "]
[Site "Brno"]
[Date "1998.??.??"]
[Round "7"]
[White "Hervais, Adrien"]
[Black "Blasco Frasquet, Raul"]
[Result "1-0"]
[WhiteElo "2025"]
[BlackElo "2090"]

1.e4 d6 2.d4 Nf6 3.Nc3 c6 4.Nf3 Bg4 5.Be2 e6 6.O-O d5 7.Ne5 Bxe2 8.Qxe2 Bb4
9.exd5 Nxd5 10.Nxd5 Qxd5 11.Qg4 Nd7 12.c4 Qd6 13.Bf4 Qf8 14.Nxd7 Kxd7 15.d5 Re8
16.Rfd1 f5 17.dxc6+ Kxc6 18.Qf3+ Kb6 19.Rd7  1-0

[Event "Bucharest Cup IM"]
[Site "Bucharest"]
[Date "1998.??.??"]
[Round "?"]
[White "Jevtic, Miodrag"]
[Black "Covlea, Vlad"]
[Result "1/2-1/2"]
[WhiteElo "2350"]
[BlackElo "2250"]

1.e4 d6 2.d4 Nf6 3.Nc3 c6 4.f4 Qa5 5.Bd3 e5 6.Nf3 Nbd7 7.Be3 Be7 8.Qd2 O-O
9.O-O Qc7 10.Kh1 b5 11.a3 a6 12.h3 Bb7 13.Qf2 c5 14.d5 exf4 15.Bxf4 c4 16.Be2 Nc5
17.Nd2 Kh8 18.Rae1 Nfd7 19.Qg3 f6 20.Nf3 Ne5 21.Nd4 Rg8 22.Bg4 Nxg4 23.Qxg4 Bc8
24.Qg3 g5 25.Be3 Bd7 26.Nf5 Bxf5 27.Rxf5 Nd7 28.Ne2 Rae8 29.Nd4 Nc5 30.Qf3 Bd8
31.Bg1 Qg7 32.Qg4 Qg6 33.Nc6 h5 34.Qf3 g4 35.Qf1 Nxe4 36.Rxe4 Rxe4 37.Nxd8 Rxd8
38.Rxf6 Qg7 39.Rf5 Qg6 40.Rf6 Qg7 41.Rf7 Qg5 42.Rf5 Qg6 43.Rf6 Qg7  1/2-1/2

[Event "Bucharest Fest IM"]
[Site "Bucharest"]
[Date "1998.??.??"]
[Round "?"]
[White "Popescu, Cristian"]
[Black "Covlea, Vlad"]
[Result "1-0"]
[WhiteElo "2300"]
[BlackElo "2250"]

1.e4 d6 2.d4 Nf6 3.Nc3 c6 4.a4 Qa5 5.Bd3 e5 6.Ne2 b5 7.b4 Qxb4 8.axb5 exd4
9.Ba3 Qa5 10.Bxd6 Qd8 11.Bxf8 Kxf8 12.Bc4 Qe7 13.Qxd4 c5 14.Qe3 Bb7 15.Nf4 Nbd7
16.Bd5 Bxd5 17.Nfxd5 Qe5 18.O-O h5 19.b6 a6 20.b7 Rb8 21.Rab1 Rh6 22.Nxf6 Nxf6
23.Rfd1 Rg6 24.f4 Qe7 25.Nd5 Nxd5 26.Rxd5 Rxb7 27.Rxb7 Qxb7 28.Qxc5+ Kg8
29.Rd8+ Kh7 30.Qxh5+ Rh6 31.Qf5+ g6 32.Qf6 Qb1+ 33.Kf2 Qxc2+ 34.Kg3 Qb3+
35.Kg4 Qe6+ 36.Qxe6 fxe6 37.h3 e5 38.fxe5 Rh5 39.Rd5 Kg7 40.Ra5 Kf7 41.Kf4 g5+
42.Kg4 Rh6 43.Kxg5 Rg6+ 44.Kf5 Rxg2 45.e6+ Ke7 46.Rxa6  1-0